COMPILATION OF GENERAL FINANCIAL RULES 2 (Record no. 22935)
[ view plain ]
| 000 -LEADER | |
|---|---|
| fixed length control field | 00306nam a2200121Ia 4500 |
| 008 - FIXED-LENGTH DATA ELEMENTS--GENERAL INFORMATION | |
| fixed length control field | 240624s9999 xx 000 0 und d |
| 041 ## - LANGUAGE CODE | |
| Language code of text/sound track or separate title | eng |
| 082 ## - DEWEY DECIMAL CLASSIFICATION NUMBER | |
| Classification number | 332 NAB |
| 100 ## - MAIN ENTRY--PERSONAL NAME | |
| Personal name | NABHI |
| 245 ## - TITLE STATEMENT | |
| Title | COMPILATION OF GENERAL FINANCIAL RULES 2 |
| 260 ## - PUBLICATION, DISTRIBUTION, ETC. | |
| Date of publication, distribution, etc. | 2014 |
| Place of publication, distribution, etc. | New Delhi |
| Name of publisher, distributor, etc. | Swamy |
| 300 ## - PHYSICAL DESCRIPTION | |
| Extent | 384 : p. : cm. ; 20 |
| Withdrawn status | Lost status | Damaged status | Not for loan | Home library | Current library | Shelving location | Date acquired | Full call number | Barcode | Date last seen | Price effective from | Koha item type |
|---|---|---|---|---|---|---|---|---|---|---|---|---|
| IMTN | IMTN | Rack 9-A | 09/15/2014 | 332 NAB | 22935 | 06/24/2024 | 06/24/2024 | Books |